000 00608nam a2200229Ia 4500
003 OSt
005 20220928130848.0
006 a|||||r|||| 00| 0
007 ta
008 220927b |||||||| |||| 00| 0 eng d
024 _a66078
037 _cTextual
040 _aSDCL
_cSDCL
_beng
041 _2eng
_aeng
082 _aX:5171:(Z2), P2
100 _aKhanna Rakesh
_9476393
245 0 _aConsumer protection laws
260 _aAllahabad
_bCentral Law Agency
_c2002
300 _axxiii,180p
_ccm.
942 _hX:5171:(Z2), P2
_cTEXL
_2CC
999 _c788874
_d788874